000 00907nam0a22002531 4500
001 rc\2804893
005 20250806210553.0
035 _a(NLR Aleph) 006930853
090 _a14936
_c14936
100 _a20110915d1944 u y0rusy50 ca
101 0 _arus
102 _aRU
105 _aa z |||||
200 1 _aЗаменители материалов в малярных работах
_e(Опыт работы ОСМЧ 35)
_fИнж. З. А. Носкин
_gНар. ком. по строит-ву СССР. Главспецстрой. ОСМЧ 35
210 _a[Москва]
_cСтройиздат
_d1944
215 _a36 с., без обл.
_cчерт.
700 1 _aНоскин
_bЗ.А.
801 0 _aRU
_bNLR
_gpsbo
801 1 _aRU
_bELAR
_2rusmarc
852 _aNLR
_jТ80 Г-4/300
942 _cBOOK
945 _aРоссийская национальная библиотека
980 _aNB
980 _aBV